000 01154nam a2200229 a 4500
001 000042899
005 20201002040501.0
008 140212s1997 sp 000 0 spa d
020 _a8489747776
040 _aDO-SdBNP
_bspa
_cBNPHU
041 1 7 _aspa
_heng
082 _axxxx
_bxxxx
100 1 _aVives, Juan Luis,
_d1492-1540.
_917618
240 1 0 _aDe concordia et discordia in humano genere
_lEspañol
245 1 0 _aDe concordia et discordia in humano genere = Sobre la concordia y la discordia en el género humano :
_bDe pacificatione = Sobre la pacificación ; Quam misera esset vita christianorum sub turca = Cuán desgraciada sería la vida de los cristianos bajo los turcos /
_cJuan Luis Vives ; introducción de Valerio del Nero ; traducción del latín y notas, Francisco Calero, María Luisa Arribas y Pilar Usábel.
260 _a[Valencia] :
_bAjuntament de València,
_c1997.
300 _a404 p. ;
_c22 cm.
490 1 _aJ. L. vives
_v8A
500 _aIncluye datos biográficos del autor en la solapa de la cubierta.
500 _aIncluye referencias bibliográficas y notas al pie de las páginas
830 0 _aJ. L. vives ;
_n8A
_970347
999 _c42388
_d42388